| 000 | 00917pam a22002775x 4500 | ||
|---|---|---|---|
| 001 | 937991 | ||
| 008 | 990119r19971962enk 00000 eng b | ||
| 015 | _ab9837567 | ||
| 020 | _a0349104840 | ||
| 020 | 1 | 0 |
_a0349104840 _cm |
| 040 | 0 | 0 | _aCA/U-1 |
| 091 | 0 | 0 | _ac899652452 |
| 100 | 1 | 0 |
_aHobsbawm, E. J. _q(Eric J.), _d1917- |
| 245 | 1 | 4 |
_aThe age of revolution : _bEurope, 1789-1848 / _cEric Hobsbawm. |
| 260 |
_aLondon : _bAbacus, _c1997, c1962. |
||
| 300 |
_a413p,[16]p of plates _c20cm _epbk |
||
| 500 | _aOriginally published: London : Weidenfeld & Nicolson, 1962. | ||
| 500 | _aCover title: The age of revolution, 1789-1848. | ||
| 651 | 0 |
_aEurope _xHistory _y1789-1900. _91016 |
|
| 740 | 4 | 1 | _aThe age of revolution, 1789-1848. |
| 942 |
_2ddc _cBK |
||
| 956 | _aNLS | ||
| 999 |
_c221 _d221 |
||